Guess that country - Statistics

General Stats
  • This quiz has been taken 581 times
  • The average score is 13 of 15
Answer Stats
Description Country % Correct
Eiffel Tower France
100%
Big country in the northern side of USA Canada
97%
Country that has largest wall in the world China
96%
Country that has: Berlin,Munich,Dortmund... Germany
96%
Largest country in the world Russia
95%
Country in Asia known for Bollywood India
94%
Country known for NBA, NHL.. Also most developed country in the world USA
93%
Country-Continent Australia
92%
5th largest country in the world Brazil
90%
Biggest island-country in Africa Madagascar
90%
The capital is Zagreb Croatia
81%
Country that has largest city in the world Japan
79%
Country which is hidden in an anagram INASP Spain
76%
Country that has best football player in the world Portugal
73%
Country where it comes from Wayne Rooney England
53%
No matching quizzes found
Score Distribution
Percent of People with Each Score
Percentile by Number Answered
Your Score History
You have not taken this quiz